000 002800000a22000970004500
100 1 _aDirksen, P. B.
245 1 0 _aThe Peshitta and the textual criticism of the Old Testament
300 _aVol. 42, Num. 3 (Julio, 1992), Páginas 376-390
773 0 _tVetus Testamentum
942 _cANA
999 _c57741
_d57741